Films DreamWorks par Image - Mort Subite - Statistiques

Statistiques générales
  • Ce quiz a été pris 1 598 fois
  • Le résultat moyen est 6 sur 20
Answers on the Grid
Answers color-coded by a green-red scale on the quiz's grid according to % correct below.
 
Statistiques - réponses
Réponse % Correct
51%
48%
46%
44%
44%
36%
34%
34%
30%
29%
28%
27%
26%
25%
25%
21%
19%
19%
16%
16%
Aucun quiz correspondant
Distribution des résultats
% des personnes avec chaque résultat
Percentile par nombre de réponses
Votre historique - résultats
Vous n’avez pas pris ce quiz